| 000 | 00364nam a2200145Ia 4500 | ||
|---|---|---|---|
| 008 | 191201s2005 xx 000 0 und d | ||
| 082 |
_a658.072 _bSIE |
||
| 100 | _aSINGH,VK | ||
| 245 | 0 | _aEffective Management Workout: A Case Study | |
| 250 | _aEd.1st | ||
| 260 |
_aN.Delhi _bHimalaya Publication House _c2005 |
||
| 300 | _a164 | ||
| 650 | _aMBA | ||
| 942 |
_2ddc _cBK |
||
| 999 |
_c4324 _d4324 |
||